000
00284nam a2200121Ia 4500
005
20251222140054.0
008
251222s1900||||xx |||||||||||||| ||spa||
082
_a
116/C92
100
_a
Crusafont Pairó, Miguel & otros
245
0
_a
La Evolución
264
_b
Católica
942
_c
LIB
999
_c
3705
_d
3705